000 00313nam a2200121Ia 4500
003 GCL
008 140319s9999 xx 000 0 ara d
040 _aGCL /
_cGCL
082 0 4 _a956.51
_bس ت
100 1 _aستاركى، جان
245 1 0 _aتدمر: عروس الصحراء /
_cستاركى، جان
490 _a
999 _c37912
_d37912